| 000 | 00514nam a2200145 a 4500 | ||
|---|---|---|---|
| 001 | 000030165 | ||
| 005 | 20200930060109.0 | ||
| 008 | 110503s2009 dr c 000 0 spa d | ||
| 040 |
_aDO-SdBNP _bspa _cBNPHU |
||
| 082 |
_axxxx _bI43g |
||
| 245 | 0 | 0 |
_aInforme de gestión/ : _bseptiembre 2008-marzo 2009. |
| 260 |
_aSanto Domingo : _bDespacho del Oredenador Nacional para los Fondos Europeos de Desarrollo: _bDirección General Cooperación Multilateral, _c2009. |
||
| 300 |
_a69 p. : _bretrs. ; _c30 cm. |
||
| 049 | _aBNPD | ||
| 999 |
_c29657 _d29657 |
||